000 00335nam a2200109Ia 4500
008 160531s9999 xx 000 0 und d
100 _aRumelt, Shimon.
245 _aGlaucoma: Basic and Clinical Concepts
245 _cby Shimon Rumelt
260 _c2011
856 _uhttp://www.intechopen.com/books/glaucoma-basic-and-clinical-concepts
999 _c295524
_d295524